000 01080nam2a2200205 4500
001 RU\NLR\PER_A\003205344_000270
005 20250625180302.0
035 _a(NLR Aleph) 022264345
090 _a12328818
_c12328818
100 _a20240627d2023 |||y0rusy50 ca
101 0 _arus
102 _aRU
200 0 _a2023, вып. 2
210 _d2023
_aБ. м.
461 0 _1001RU\NLR\Per\967473
_12001#$aНаучный вестник автомобильного транспорта$dThe bulletin of road transport research$eнаучный ежемесячный журнал$fНИИАТ$zeng$v2023, вып. 2
_93487465
_cМосква
_d2013 -
_fНИИАТ
_lThe bulletin of road transport research
_nНаучно-исследовательский институт автомобильного транспорта (ОАО "НИИАТ")
_oнаучный ежемесячный журнал
_tНаучный вестник автомобильного транспорта
_x2078-1474
_v2023, вып. 2
852 _aNLR
_jП23/8674
942 _cISSUE
980 _aNB
980 _aRUSPER